| 000 | 00397nam a2200133Ia 4500 | ||
|---|---|---|---|
| 008 | 260210s9999 xx 000 0 und d | ||
| 024 | _a05B-18-BS & 05B-006-BS | ||
| 082 | _a005.133072 SAA | ||
| 100 | _aSaad Bin Tahir & Sadaf Aslam | ||
| 245 | 0 | _aUSB Based Profile System | |
| 260 |
_aKarachi: _bUITU, _c2005 |
||
| 600 | _aComputer Science | ||
| 650 | _aBachelor of Computer Science (BS) | ||
| 999 |
_c32427 _d32427 |
||